Κοινωνιολογία της σύγχρονης οικογένειας
Αποθηκεύτηκε σε:
| Κύριος συγγραφέας: | |
|---|---|
| Μορφή: | Βιβλίο |
| Γλώσσα: | Greek |
| Δημοσίευση: |
Χανιά :
[χ.ό.],
1982.
|
| Θέματα: | |
| Ετικέτες: |
Προσθήκη ετικέτας
Δεν υπάρχουν, Καταχωρήστε ετικέτα πρώτοι!
|
MARC
| LEADER | 00000cam a2200000 i 4500 | ||
|---|---|---|---|
| 001 | 1/49548 | ||
| 008 | 040227s1982 gr | ||| |||| ||gre|| | ||
| 035 | |l 10072434 | ||
| 040 | |a GR-MY-UA |b gre |e aacr | ||
| 041 | 0 | |a gre | |
| 082 | 7 | |a 306.85 |2 (22) | |
| 100 | 1 | |a Μοριχοβίτης, Γιώργος Α. | |
| 245 | 1 | 0 | |a Κοινωνιολογία της σύγχρονης οικογένειας / |c Γ.Α. Μοριχοβίτη. |
| 260 | |a Χανιά : |b [χ.ό.], |c 1982. | ||
| 300 | |a 119 σ. : |b εικ. ; |c 20 εκ. | ||
| 504 | |a Βιβλιογραφία : σ. 107-115. Ευρετήριο. | ||
| 650 | 0 | 0 | |a Family. |
| 852 | |a INST |b RHODES |c AKA |e 20040227 |h 306.85 ΜΟΡ |p 005400019556 |q 005400019556 |t BK |y 0 | ||
| 852 | |a INST |b RHODES |c AKA |e 20040227 |h 306.85 ΜΟΡ |p 005400019557 |q 005400019557 |t BK |y 0 | ||
| 852 | |a INST |b RHODES |c AKA |e 20040227 |h 306.85 ΜΟΡ |p 005400019558 |q 005400019558 |t BK |y 0 | ||
| 852 | |a INST |b RHODES |c AKA |e 20040227 |h 306.85 ΜΟΡ |p 005400019559 |q 005400019559 |t BK |y 0 | ||
| 852 | |a INST |b RHODES |c AKA |e 20040227 |h 306.85 ΜΟΡ |p 005400019560 |q 005400019560 |t BK |y 0 | ||
| 901 | |a BIBL4-2004-1 | ||
| 909 | |a Ρ |b 105210 | ||
| 909 | |a Ρ |b 105211 | ||
| 909 | |a Ρ |b 105212 | ||
| 909 | |a Ρ |b 105213 | ||
| 909 | |a Ρ |b 105214 | ||
| 970 | |a ΚΟΥΛΑΚΙΟΤΗ |b ΛΙΤΣΑ |z 2004/02/27 | ||